| 000 | 00513nam a2200181 i 4500 | ||
|---|---|---|---|
| 001 | 65553 | ||
| 003 | ES-MaACL | ||
| 005 | 20230906165418.0 | ||
| 007 | t| | ||
| 008 | 040115s1946 fr ||||1| fre d | ||
| 100 | 1 |
_aFriedmann, Georges. _952641 |
|
| 245 | 1 | 0 |
_aProblémes humains du machinisme industriel / _cGeorges Friedmann. |
| 250 | _a5ª ed. | ||
| 260 |
_a[Abbeville] : _bGallimard, _c[1946] ( _fF. Paillart) |
||
| 300 |
_a387 p. ; _c23 cm. |
||
| 500 | _aEs el t.2. | ||
| 852 |
_aES-MaACL _jC-4371 _bR.24204 |
||
| 999 |
_c65553 _d65553 |
||